Bài tập chọn lọc vật lí 12
Sách gồm 10 chương bài tập và bài giải của 10 chương đó biên soạn dựa theo chương trình vật lý 12
Saved in:
| Main Author: | |
|---|---|
| Format: | Book |
| Language: | Undetermined |
| Published: |
Hà Nội
Giáo dục
2008
|
| Subjects: | |
| Tags: |
Add Tag
No Tags, Be the first to tag this record!
|
| Institutions: | Trung tâm Học liệu Trường Đại học Cần Thơ |
|---|
| LEADER | 00823nam a2200217Ia 4500 | ||
|---|---|---|---|
| 001 | CTU_197064 | ||
| 008 | 210402s9999 xx 000 0 und d | ||
| 020 | |c 32000 | ||
| 082 | |a 530.0712 | ||
| 082 | |b C115 | ||
| 100 | |a Đoàn, Ngọc Căn | ||
| 245 | 0 | |a Bài tập chọn lọc vật lí 12 | |
| 245 | 0 | |c Đoàn Ngọc Căn, Đặng Thanh Hải, Vũ Đình Túy | |
| 260 | |a Hà Nội | ||
| 260 | |b Giáo dục | ||
| 260 | |c 2008 | ||
| 520 | |a Sách gồm 10 chương bài tập và bài giải của 10 chương đó biên soạn dựa theo chương trình vật lý 12 | ||
| 650 | |a Physics,Vật lý | ||
| 650 | |x Study and teaching (secondary),Học và giảng dạy (trung học) | ||
| 904 | |i Nguyên | ||
| 980 | |a Trung tâm Học liệu Trường Đại học Cần Thơ | ||